Click the Counties of Hungary on a Map - Statistics

General Stats
  • This quiz has been taken 119 times
  • The average score is 13 of 20
Answers on the Map
Answers color-coded by a green-red scale on the quiz's map according to % correct below.
 
Answer Stats
Answer % Correct
Budapest
94%
Pest
89%
Nógrád
77%
Somogy
74%
Borsod-Abaúj-Zemplén
70%
Komárom-Esztergom
70%
Győr-Moson-Sopron
68%
Bács-Kiskun
66%
Heves
62%
Jász-Nagykun-Szolnok
62%
Szabolcs-Szatmár-Bereg
62%
Vas
62%
Baranya
60%
Hajdú-Bihar
60%
Zala
60%
Tolna
57%
Veszprém
57%
Békés
55%
Csongrád-Csanád
55%
Fejér
55%
No matching quizzes found
Score Distribution
Percent of People with Each Score
Percentile by Number Answered
Your Score History
You have not taken this quiz